00546 2200193 4500001002100000005001500021035002000036245009400056100001700150250000600167300003200173700001700205260003600222082001200258084001800270020002200288600002500310990001700335INLIS00000000000186520260114084257 a0010-01260000011 aIlmuwan Muslim :bPerancang Mesin Pengangkat Air /cArif Hidayah; Ilustrator,Joy Subarjah0 aArif Hidayah a- a17 hlm. :bilus. ;c17,5 cm0 aJoy Subarjah aBandung :bPelangi Mizan,c2021 a297.092 a297.092 ARI i a978-602-472-262-3 4aBiografi tokoh islam a05456/H/2026